00353cam a22001097a 4500008004000000082001800040100002100058245008500079260004100164300001400205650002400219180718b1961 xxu||||| |||| 00| 0 eng d aB1241x73 M452 aMayer, Adrian C. aPeasants in the pacific:a study of Fiji Indian rural societycby Adrian C. Mayer aLondonbRoutledge & Kegan Paulc1961 axiii,202p aEast Indians -Fiji.